Estatísticas para Brasil... ou Portugal

Clique aqui para jogar o quiz

Estatísticas Gerais

  • Esse quiz foi jogado 919 vezes
  • A pontuação média é 9 de 13

Estatísticas das Respostas

QuestãoResposta% Correto
Qual país tem relações mais próximas com a Espanha?
96%
A qual país pertence a ilha de açores
95%
Qual país tem mais corrupção
90%
Qual país faz parte do bloco econômico "BRICS"
88%
Qual país tem mais tropas militares ativas?
84%
Qual país tem um futebolista eleito 5 vezes melhor do mundo?
81%
Qual país tem o menor índice de analfabetismo?
75%
Qual pais tem uma area oceânica maior?
66%
Qual país tem mais ilhas
62%
Qual país tem o PIB per capita maior?
62%
Qual país faz fronteira com a frança?
56%
Qual País tem territorios acima da linha do equador?
40%
Qual país tem mais turistas
31%

Distribuição das Pontuações

Percentil de Números Respondidos

Porcentagem de Pessoas com Cada Pontuação

Sua Pontuação Histórica

Você não jogou esse quiz